| 000 | 00496cam a2200181 a 4500 | ||
|---|---|---|---|
| 020 | _a9781555707026 (alk. paper) | ||
| 020 | _a1555707025 (alk. paper) | ||
| 040 | _cDLC | ||
| 082 | 0 | 0 | _a027 NEA 2010 C158 Or. |
| 100 | 1 | _aAlire, Camila A | |
| 245 | 1 | 0 | _aAcademic librarianship / |
| 260 |
_aNew York : _bNeal-Schuman Publishers, _cc2010 |
||
| 300 |
_axvi, 383 p. ; _c23 cm |
||
| 650 | 0 | _aAcademic libraries | |
| 650 | 0 | _aLibraries and colleges | |
| 700 | 1 | _aEvans, G. Edward, | |
| 942 | _cAEDBB | ||
| 999 |
_c19013 _d19013 |
||